| 000 | 01110cam a2200325 i 4500 | ||
|---|---|---|---|
| 001 | 200464404 | ||
| 003 | TR-AnTOB | ||
| 005 | 20250512174054.0 | ||
| 007 | ta | ||
| 008 | 240605t20172010tu a|||j |||| 00| 0 tur d | ||
| 020 | _a9789754035582 | ||
| 040 |
_aTR-AnTOB _beng _erda _cTR-AnTOB |
||
| 041 | 1 |
_atur _heng |
|
| 050 | 1 | 4 |
_aPZ7.G55 _bT7419 2017 |
| 090 |
_aJUN PZ7.G55 _bT7419 2017 |
||
| 100 | 1 |
_aGillespie, Lisa Jane _d1939- _eauthor _9148759 |
|
| 240 | 1 | 0 |
_aBeginners- trees _lTurkish. |
| 245 | 1 | 0 |
_aİlk okuma : _bağaçlar / _cLisa Jane Gillespie ; resimleyen: Patrizia Donaera ; çeviri Pınar Dündar. |
| 250 | _a3. basım Mayıs 2017 | ||
| 264 | 1 |
_aAnkara : _bTürkiye Bilimsel ve Teknolojik Araştırma Kurumu, _c2017. |
|
| 300 |
_a33 pages : _billustrations ; _c20 cm |
||
| 336 |
_atext _btxt _2rdacontent |
||
| 337 |
_aunmediated _bn _2rdamedia |
||
| 338 |
_avolume _bnc _2rdacarrier |
||
| 490 | 0 |
_aTÜBİTAK Popüler Bilim Kitapları ; _v346 |
|
| 700 | 1 |
_aDonaera, Patrizia _eillustrator _9148760 |
|
| 700 | 1 |
_aDündar, Pınar _etranslator _9148761 |
|
| 942 |
_2lcc _cBK |
||
| 999 |
_c200464404 _d82616 |
||